| 000 | 00489cam a2200157 4500500 | ||
|---|---|---|---|
| 005 | 20251012032611.0 | ||
| 041 | _afre | ||
| 042 | _adc | ||
| 100 | 1 | 0 |
_aLourenço, Eduardo _eauthor |
| 700 | 1 | 0 |
_a Lévi, Florence _eauthor |
| 245 | 0 | 0 | _aPréface. Bref voyage dans l’espace lusophone |
| 260 | _c2008. | ||
| 500 | _a100 | ||
| 786 | 0 | _nSigila | 21 | 1 | 2008-06-20 | p. 15-19 | 1286-1715 | |
| 856 | 4 | 1 | _uhttps://shs.cairn.info/revue-sigila-2008-1-page-15?lang=fr&redirect-ssocas=7080 |
| 999 |
_c1547821 _d1547821 |
||